1381 1671 1060 1613 1404 1935 1357 1430 1545 1454 1968 1403 1532 1725 1449 1527 1529 1383 1443 1701 1237 1831 1184 1357 1924 1893 1173 1385 1806 1162 1603 1084 1888 1721 1463 1177 1056 1293 1269 1971 1462 1083 1157 1341 1577 1218 1193 1312 1771 1411 1454 1934 1597 1753 1878 1058 1586 1976 1610 1707 1821 1367 1227 1095 1712 1232 1095 1678 1392 1557 1153 1610 1757 1482 1904 1553 1113 1740 1599 1339 1341 1478 1737 1128 1586 1399 1300 1479 1596 1423 1149 1224 1896 1603 1799 1806 1513 1577 1440 BCNSPRNW ULIB Ver.6.0+V

เปลี่ยนเป็นภาษาไทย

Change to English
 แสดงรายละเอียดบรรณานุกรม
  กลับหน้าหลัก

Brief Record : Get Marc (ISO 2709) : E-mail record : QR code < ปิดหน้าต่าง
LEADER : 00000nam 2200000uu 4500
001    13399112490
003     ULIB
008    110627s2551||||th 000 0 tha d
020    9786160101141
090    นว.^bจ757ส 2551
100 0  ปุยฝ้าย
245 00 Surprise Hiso ท้าชนหัวใจยัยไฮโซมาดร้ายกับคุณชายมาดรัก/^cปุยฝ้าย
250    พิมพ์ครั้งที่
260    กรุงเทพฯ :^bแจ่มใส,^c2551
300    168 หน้า
710 1  แจ่มใส
945    ^p159^l0^i023607
999 ^a เกษร
รายการนี้ยังไม่มีแท็ก
คุณยังไม่ได้ล็อกอิน คุณสามารถมีกิจกรรมร่วมกับเว็บไซต์ได้ แต่ต้องล็อกอินก่อน ::
  ล็อกอิน

รายการสื่อสารสนเทศ

ลำดับที่ ประเภท เลขเรียก/บาร์โค้ด สถานที่ สถานะ
- ไม่พบข้อมูล -

BibComment


ยังไม่เคยถูกคอมเมนท์

คอมเมนท์ทรัพยากรรายการนี้
  คอมเมนท์: Surprise Hiso ท้า..


 Copyright 2026. Bcnsprnw @Library